| 000 | 00971nam a22002057a 4500 | ||
|---|---|---|---|
| 999 |
_c13775 _d13775 |
||
| 003 | AR-CdUCM | ||
| 008 | 190416b ||||| |||| 00| 0 spa d | ||
| 040 |
_aMUNICIPALIDAD PROVINCIAL DEL CUSCO _cBIBLIOTECA MUNICIPAL DEL CUSCO |
||
| 082 |
_a693.22 / _bM22 / 1970. |
||
| 110 |
_aOficina nacional de desarrollo comunal _932326 |
||
| 245 | _aManual para la construcción de viviendas con adobe / | ||
| 260 |
_aLima : _c1970. |
||
| 300 |
_a50 paginas ; _bIlustraciones, _c22 cm. |
||
| 505 | _aContenido : Causas de las fallas en construcción de adobe -- Mala calidad del adobe en lo que se refiere a la materia prima utilizada y a la técnica de producción -- Dimensionamiento inadecuado de los adobes especialmente a su altura, que en la mayoría de los casos es demasiado grande... | ||
| 650 |
_aConstrucción de adobe _932327 |
||
| 650 |
_aMateria prima para el adobe _932328 |
||
| 650 |
_aCasas de adobe _932329 |
||
| 942 |
_2ddc _cLIBROS |
||
| 945 |
_awnts _d2019-04-16 |
||